MARC

LEADER 00000cab a2200000 a 4500
001 vtls009968511
003 SK-MaSNL
005 20260426105216.0
008 091110c2009 xo br p 000 c0ukr
015 |a SNBRB2009/11 
038 |a SVKPOCL 
040 |a SVKPOCL  |b slo  |c SVKPOCL  |e AACR2 
041 0 |a ukr 
044 |a xo  |c SK 
080 |a 316.022.4(=161.25)(100):061.2  |2 2001 
080 |a 061.2  |2 2001 
080 |a 316.022.4(=161.25)(437.1/.3):061.2  |2 2001 
100 1 |a Pohojda, Volodymyr  |4 aut  |9 1622772 
245 1 0 |a U nas djijut' dvi rusyn'skŷ organizaciji  |c Volodymyr Pohojda 
300 |b Fotogr. 
610 2 7 |a Svetový kongres Rusínov  |g zasadanie  |n (10. :  |d 2009 :  |c Ruský Kerestúr, Srbsko a Petrovci, Chorvátsko)  |2 svkpocl  |9 1622693 
610 2 7 |a Združenie priateľov Podkarpatskej Rusi (Česko)  |2 svkpocl  |9 1622773 
610 2 7 |a Klub Rusínov a priateľov Podkarpatskej Rusi (Česko)  |2 svkpocl  |9 1622774 
648 7 |a 4.-7.6.2009  |2 svkpocl  |9 1354220 
650 0 7 |a Rusíni  |2 svkpocl  |9 4087 
650 0 7 |a zasadania  |2 svkpocl  |9 284751 
650 0 7 |a Rusíni  |z Česko  |2 svkpocl  |9 1265342 
651 7 |a Ruski Krstur (Srbsko)  |2 svkpocl  |9 170101 
651 7 |a Petrovci (Chorvátsko)  |2 svkpocl  |9 1037290 
651 7 |a Česko  |2 svkpocl  |9 16753 
655 7 |a referáty  |2 svkpocl  |9 70611 
773 0 |t Rusyn  |g Roč. XIX, č. 2 (2009), s. 10 
852 |a SVKPO  |b KIS3GCP 
856 4 1 |u www.rusynacademy.sk 
958 |a RN 
958 |a SK 
958 |a CZ 
958 |a RS 
958 |a HR 
999 |c 3344934  |d 3346864